Za tajomstvom ríše Chetitov

Bibliographic Details
Main Author: Zamarovský, Vojtech, 1919-2006 (Author)
Other Authors: Pok, Otakar (Illustrator)
Format: Book
Language:Slovak
PhysicalDescription:172 strán fotografie (niektoré farebné), ilustrácie, mapy 24 cm
Published: Bratislava Perfekt 2003
ISBN:8080462291
Edition:1. vyd.
Series:Zamarovský, Vojtech, 1919-2006 Súborné dielo
Subjects:

MARC

LEADER 00000cam a2200000 a 4500
001 vtls001465333
003 SK-MaSNL
005 20260302002528.0
008 240226s2003 xo oab grn 000 0 slo
015 |a SNBA2004/01-00233 
020 |a 8080462291  |q (viazané) 
035 |a SNK000420638 
035 |a urn:nbn:sk:snk-am3j1wk 
035 |a 1C18CB29-516B-410B-9DFB-4A11436E4449 
035 |a urn:nbn:sk:snk-am00gfgu 
040 |a SNK  |b slo  |c SNK  |e AACR2 
041 0 |a slo 
043 |a a-tu--- 
044 |a xo  |c SK 
072 7 |a 94(3)  |x Dejiny krajín starovekého sveta  |2 konspekt 
080 |a 94(=292.1)  |2 1997 
080 |a 902(=292.1)  |2 1997 
080 |a 316.72/.75  |2 2011 
080 |a (=292.1)  |2 2011 
080 |a 94(393)  |2 2011 
080 |a (0.062)  |2 2011 
080 |a 902.2  |2 2011 
100 1 |a Zamarovský, Vojtech,  |d 1919-2006  |4 aut  |9 99371 
245 1 0 |a Za tajomstvom ríše Chetitov  |c Vojtech Zamarovský ; [ilustroval: Otakar Pok] 
250 |a 1. vyd. 
260 |a Bratislava  |b Perfekt  |c 2003 
300 |a 172 strán  |b fotografie (niektoré farebné), ilustrácie, mapy  |c 24 cm 
490 1 |a Súborné dielo Vojtecha Zamarovského  |v zv. 13 
500 |a Farebná fotografia na frontispice a titulnej strane 
500 |a Celkovo 3. vydanie 
504 |a Obsahuje bibliografické odkazy ; chronologická tabuľka ; poznámky autora 
650 0 7 |a kultúra a spoločnosť  |2 SNKPH  |9 4083 
650 0 7 |a Chetiti  |2 SNKPH  |9 84201 
650 0 7 |a archeologické výskumy  |2 SNKPH  |9 74796 
651 7 |a Chetitská ríša  |x dejiny  |2 SNKPHgeo  |9 556067 
655 7 |a populárno-náučné publikácie  |2 SNKPH  |9 70460 
700 1 |a Pok, Otakar  |4 ill  |9 60581 
800 1 |a Zamarovský, Vojtech,  |d 1919-2006  |t Súborné dielo  |9 392744 
919 |a 80-8046-229-1 
958 |a NB 
999 |c 988472  |d 990402 
952 |a SNK  |b SNK  |y PREZ  |7 0  |p 17A0405969  |o snkSC 114053  |i snkKSP 15932/2003  |8 0  |0 0  |1 0  |4 0  |d 2003-12-15  |f 1  |l 0  |r 2025-10-03 00:00:00  |w 2026-02-24 
952 |t snkZAM 94(394)  |a SNKUST  |b SNKUST  |y PREZ  |7 0  |p 17A0405970  |o snkSC 114053 D1  |i snkKSP 15933/2003  |8 0  |0 0  |1 0  |4 0  |d 2003-12-15  |l 0  |r 2025-04-30 00:00:00  |w 2026-02-24